EL EXODO CENTROAMERICANO: CONSECUENCIAS DE UN CONFLICTO/

保存先:
書誌詳細
第一著者: Aguayo Quezada, Sergio (autor)
フォーマット: 図書
主題:
タグ: タグ追加
タグなし, このレコードへの初めてのタグを付けませんか!

MARC

LEADER 00000nam^a2200000^a^4500
001 000224193
005 20250521000000.0
009 20260310104041.197
020 |a 968-29-0047-6 
035 |a 042608 
037 |a Acervo Xavier Clavigero 
082 |a 325. 2728  |b AGU 
100 |a Aguayo Quezada, Sergio  |e (autor) 
245 1 3 |a EL EXODO CENTROAMERICANO:  |b CONSECUENCIAS DE UN CONFLICTO/  |c SERGIO AGUAYO 
264 |a MEXICO :  |b SEP,  |c 1985 
300 |a 173p. :  |b tbs. 
336 |a texto  |b txt  |2 rdacontenido 
337 |a sin mediación  |b n  |2 rdamedio 
338 |a volumen  |b nc  |2 rdasoporte 
649 |a XX 
650 |a Migración -  |z América Central 
650 |a América Central -  |x Condiciones Sociales y Culturales 
910 |a Fondo General 
920 |a Impresos - Libros 
930 |a Colección General 
905 |a 101 
901 |a 042608  |b IT1  |c ACC  |i 042608  |u 20250521 
902 |a https://opac.biblio.iteso.mx/vufind/Record/000224193